| 000 | 00579nam 22002053 4500 | ||
|---|---|---|---|
| 001 | 201007 | ||
| 010 | _a972-96627-1-1 | ||
| 021 |
_aPT _b87211/95 |
||
| 090 | _a201007 | ||
| 100 | _a20260305d u||y0pory50 ba | ||
| 200 |
_aHistória da BD publicada em Portugal 2ª parte _eAventuras do camarada |
||
| 205 | _a1ª | ||
| 210 |
_aCosta da Caparica _cEdições Época de Ouro _d1996 |
||
| 215 |
_a208 p. _cil. ; encadernado _d33 cm |
||
| 606 |
_91586 _aDesenho Artístico |
||
| 610 | _aBanda Desenhada | ||
| 675 |
_a74 _vPT _zpor |
||
| 801 |
_aPT _bBMMN _gRPC |
||
| 830 | _cIsabel | ||
| 990 | _cLIVROS | ||